01722nam a22003377a 4500003000400000005001700004007000300021008004100024020001800065040002500083082002900108100004500137245015000182260005900332300002000391490004700411500007300458500003500531505013800566590002800704651006500732651006600797651005400863651003900917830005300956910005901009942001401068952014301082952014201225999001701367OSt20220411122627.0ta210323b2019 dr ||||| |||| 00| 0 spa d a9789945613339 aDO-SdBNPbspacBNPHU 4a327.720307294bV335d2221 aVásquez Frías, Pastor.978236d1967-10aDiplomacia dominicana con Haití a principios del siglo XX :blegación dominicana en Puerto Principe (1900 -1905) /cPastor Vásquez Frías. aSanto Domingo :bArchivo General de la Nación,c2019 a2 v. ;c27 cm.  a Archivo General de la Nación, v368-369 aIncluye referencias bibliográficas y notas al pie de las páginas aIncluye índice onomástico  gv.1.t Legación dominicana en Puerto Príncipe (1900-1905) -- gv.2tEl presidente Cáceres y los gobiernos haitianos (1906-1911) aInventariado, 2021 / DG 4aRepública DominicanaxRelaciones exterioreszHaití92233 4aHaití xRelaciones exterioreszRepública Dominicana92234 4aRepública DominicanaxHistoria ySiglo XX99490 4aHaitíxHistoriaySiglo XX978243 0a Archivo General de la Nación n368-369978413 aInventariado, 2021/DG/Validado. Control de calidad MFF 2ddccLBS1 00102ddc53708PDaBNPHUbBNPHUcHDd2021-03-23eDonadol0oBNPHU PD 327.729307294 V335dp2021-1151r2021-03-23tv. 1w2021-03-23yLBS1 00102ddc53708PDaBNPHUbBNPHUcHDd2021-03-23eDonadol0oBNPHU PD 327.729307294 V335dp2021-1154r2021-03-23tv. 2w2021-03-23yLBS1 c49663d49663